| 000 | 00728cam a22002533a 4500 | ||
|---|---|---|---|
| 001 | 8218 | ||
| 003 | PGUSA | ||
| 005 | 20140828083153.0 | ||
| 008 | 050601s2005||||xxu|||||s|||||000 | eng d | ||
| 040 |
_aPGUSA _beng |
||
| 042 | _adc | ||
| 050 | 4 | _aE895 | |
| 100 | 1 |
_aVaknin, Samuel, _d1961- |
|
| 245 | 1 | 0 |
_aWars and Empire _h[electronic resource] / _cSamuel Vaknin |
| 260 |
_bProject Gutenberg, _c2005 |
||
| 506 | _aCopyrighted. Read the copyright notice inside this book for details. | ||
| 516 | _aElectronic text | ||
| 653 | _aIraq War, 2003-2011 | ||
| 653 | _aAfghan War, 2001- | ||
| 700 | 1 | _aRangelovska, Lidija | |
| 830 | 0 |
_aProject Gutenberg _v8218 |
|
| 856 | 4 | 0 | _uhttp://www.gutenberg.org/ebooks/8218 |
| 942 | _cEB | ||
| 999 |
_c237518 _d237518 |
||